000 00304nam a2200109Ia 4500
008 171211s9999 xx 000 0 und d
245 _aDulcimer Maker: The Craft of Homer Ledford
245 _cR. Gerald Alvey
260 _c2003
650 _xmusic
856 _uhttp://down.ebook777.com/062/0813190517.pdf
999 _c348649
_d348649